MyGZULibrary

The self in understanding and treating psychological disorders / (Record no. 4621)

MARC details
000 -LEADER
fixed length control field 01044cam a22003258i 4500
001 - CONTROL NUMBER
control field 18705429
003 - CONTROL NUMBER IDENTIFIER
control field GZU
005 - DATE AND TIME OF LATEST TRANSACTION
control field 20210317090100.0
008 - FIXED-LENGTH DATA ELEMENTS--GENERAL INFORMATION
fixed length control field 150717s2016 enk b 001 0 eng
010 ## - LIBRARY OF CONGRESS CONTROL NUMBER
LC control number 2015028162
020 ## - INTERNATIONAL STANDARD BOOK NUMBER
International Standard Book Number 9781107079144 (hardback)
035 ## - SYSTEM CONTROL NUMBER
System control number (DNLM)101663772
040 ## - CATALOGING SOURCE
Original cataloging agency DNLM/DLC
Transcribing agency DLC
Description conventions rda
042 ## - AUTHENTICATION CODE
Authentication code pcc
050 00 - LIBRARY OF CONGRESS CALL NUMBER
Classification number RC480.5
Item number SEL 2016
245 04 - TITLE STATEMENT
Title The self in understanding and treating psychological disorders /
Statement of responsibility, etc. edited by Michael Kyrios [and five others].
263 ## - PROJECTED PUBLICATION DATE
Projected publication date 1512
264 #1 - PRODUCTION, PUBLICATION, DISTRIBUTION, MANUFACTURE, AND COPYRIGHT NOTICE
Place of production, publication, distribution, manufacture Cambridge, United Kingdom :
Name of producer, publisher, distributor, manufacturer Cambridge University Press,
Date of production, publication, distribution, manufacture, or copyright notice 2016.
300 ## - PHYSICAL DESCRIPTION
Extent xi, 241p. :
Dimensions cm.
336 ## - CONTENT TYPE
Content type term text
Source rdacontent
337 ## - MEDIA TYPE
Media type term unmediated
Source rdamedia
338 ## - CARRIER TYPE
Carrier type term volume
Source rdacarrier
504 ## - BIBLIOGRAPHY, ETC. NOTE
Bibliography, etc. note Includes bibliographical references and index.
650 12 - SUBJECT ADDED ENTRY--TOPICAL TERM
Topical term or geographic name entry element Mental Disorders
General subdivision therapy.
650 12 - SUBJECT ADDED ENTRY--TOPICAL TERM
Topical term or geographic name entry element Self Concept.
650 22 - SUBJECT ADDED ENTRY--TOPICAL TERM
Topical term or geographic name entry element Evidence-Based Medicine.
700 1# - ADDED ENTRY--PERSONAL NAME
Personal name Kyrios, Michael,
Relator term editor.
906 ## - LOCAL DATA ELEMENT F, LDF (RLIN)
a 7
b cbc
c orignew
d 1
e ecip
f 20
g y-gencatlg
942 ## - ADDED ENTRY ELEMENTS (KOHA)
Source of classification or shelving scheme Library of Congress Classification
Koha item type Books
Classification part 480.5
Item part SEL
Call number prefix RC
Holdings
Withdrawn status Lost status Source of classification or shelving scheme Damaged status Not for loan Collection code Home library Current library Shelving location Date acquired Source of acquisition Total Checkouts Full call number Barcode Date last seen Copy number Price effective from Koha item type
    Library of Congress Classification     Non-fiction City Campus Library City Campus Library General Stacks 03/17/2021 Book Aid International   RC480.5 SEL 2016 028064 03/17/2021 c.1 03/17/2021 Books